1380 1068 1069 1738 1339 1628 1772 1456 1800 1121 1390 1245 1718 1334 1745 1885 1976 1228 1590 1920 1678 1827 1713 1270 1439 1800 1646 1248 1237 1278 1940 1107 1116 1961 1302 1635 1427 1430 1744 1652 1091 1011 1495 1101 1843 1715 1543 1697 1159 1365 1536 1442 1461 1103 1571 1387 1206 1400 1658 1434 1882 1282 1973 1082 1635 1593 1448 1135 1906 1113 1994 1139 1899 1902 1040 1056 1485 1346 1316 1588 1877 1123 1215 1234 1497 1598 1849 1690 1277 1303 1926 1240 1698 1868 1015 1967 1636 1217 1348 BCNSPRNW ULIB Ver.6.0+V

เปลี่ยนเป็นภาษาไทย

Change to English
 แสดงรายละเอียดบรรณานุกรม
  กลับหน้าหลัก

Brief Record : Get Marc (ISO 2709) : E-mail record : QR code < ปิดหน้าต่าง
LEADER : 00000nam 2200000uu 4500
001    13399112497
003     ULIB
008    110627s2552||||th 000 0 tha d
020    9786110600248
090    นว.^bม756L 2552
100 0  เมย์ 112
245 00 Lovey brother แผนรักร้ายของ(พี่)ชายจอมเจ้าเล่ห์/^cเมย์ 112
250    พิมพ์ครั้งที่ 1
260    กรุงเทพฯ :^bแจ่มใส,^c2552
300    195 หน้า
710 1  แจ่มใส
945    ^p149^l0^i026131
995    ทศพร
999 ^a ใช้งานได้ทุกระบบ
รายการนี้ยังไม่มีแท็ก
คุณยังไม่ได้ล็อกอิน คุณสามารถมีกิจกรรมร่วมกับเว็บไซต์ได้ แต่ต้องล็อกอินก่อน ::
  ล็อกอิน

รายการสื่อสารสนเทศ

ลำดับที่ ประเภท เลขเรียก/บาร์โค้ด สถานที่ สถานะ
- ไม่พบข้อมูล -

รายการใกล้เคียง
    ผู้แต่ง [เมย์ 112]

BibComment


ยังไม่เคยถูกคอมเมนท์

คอมเมนท์ทรัพยากรรายการนี้
  คอมเมนท์: Lovey brother แผน..


 Copyright 2026. Bcnsprnw @Library